Bedeutende Ereignisse nach Jahr 1930–1949 - Statistiken

Allgemein
  • Dieses Quiz wurde 193 mal gespielt
  • Das Durchschnittsergebnis liegt bei 10 aus 20
Antwortstatistiken
Jahr Hinweis Antwort % Korrekt
1947 "Mauer", die von dem Piloten Chuck Yeager durchbrochen wurde Schall{mauer}
91%
1945 Waffe, die von den USA in New Mexico getestet wurde Atombombe
87%
1946 Stadt, in der Prozesse gegen Dritte-Reich-Führer geführt wurden Nürnberg
86%
1939 Land, das von Deutschland (und der Sowjetunion) überfallen wurde, was den offiziellen Beginn des Zweiten Weltkriegs markierte Polen
86%
1944 Französische Region, in der alliierte Streitkräfte am D-Day landeten Normandie
84%
1938 Land, das an Deutschland „angeschlossen“ wurde Österreich
84%
1941 US-Marinestützpunkt, der von Japan angegriffen wurde an einem "Tag, der in Schande leben wird" Pearl Harbor
69%
1934 Schottische Kreatur, die angeblich von einem Chirurgen namens R. K. Wilson fotografiert wurde Loch Ness Monster
66%
1930 Land, das die erste Fußball-Weltmeisterschaft gewann Uruguay
58%
1940 Führer, der Premierminister des Vereinigten Königreichs wird Winston Churchill
49%
1931 Gebäude, das 380 Meter hoch war und damit das höchste der Welt wurde Empire State Building
44%
1949 Provinz, die Kanada beigetreten ist Neufundland
36%
1942 Schlacht, in der die US-Marine vier japanische Flugzeugträger zerstörte Schlacht um {Midway}
36%
1943 Regierungschef als Ministerpräsident Italiens abgesetzt Benito Mussolini
28%
1933 Ära der US-Geschichte, die nach der Aufhebung der 18. Verfassungsänderung zu Ende ging Prohibition
28%
1948 Indischer Führer, der von einem Hindu-Extremisten ermordet wurde Mahatma Gandhi
26%
1932 US-Präsident, der einen "New Deal" für das amerikanische Volk versprach Franklin D. Roosevelt
17%
1935 Umweltkatastrophe, die die Great Plains der USA verwüstete {Dust} Bowl (im Deutschen auch {Staub}schüssel)
16%
1937 Stadt in China, die für die dort begangenen japanischen Gräueltaten berüchtigt wurde Nanjing
15%
1936 Britischer König, der abdankte, um eine amerikanische Geschiedene zu heiraten {Edward} {VIII}
9%
Keine übereinstimmenden Quizze gefunden
Verteilung der Resultate
Anzahl Personen mit jedem Resultat
Perzentil nach korrekt beantworteten Fragen
Ihre Resultats-Entwicklung
Sie haben dieses Quiz noch nicht gespielt